[Event "16. Obert Internacional Sant Martí 2014"]
[Site "Barcelona ESP"]
[Date "2014.07.16"]
[Round "4.46"]
[White "Julian Barrachina, Lluis"]
[Black "Newrkla, Katharina"]
[Result "1-0"]
[WhiteElo "2125"]
[BlackElo "2167"]
[PlyCount "79"]
[EventDate "2014.07.13"]
[EventType "swiss"]
[EventRounds "9"]
[EventCountry "ESP"]
[Source "lmi"]
[SourceDate "2014.07.13"]

1. Nf3 Nf6 2. d4 g6 3. g3 Bg7 4. Bg2 O-O 5. c4 d6 6. Nc3 Nc6 7. O-O a6 8. a3
Na5 9. b3 c5 10. Bb2 Qb6 11. Nd2 Bd7 12. dxc5 dxc5 13. Qc2 Rad8 14. e4 Bh6 15.
b4 cxb4 16. axb4 Nc6 17. Nd5 Nxd5 18. exd5 Nd4 19. Qd3 Bg7 20. Rab1 Bf5 21. Be4
Bh3 22. Rfe1 Nf5 23. Bxg7 Kxg7 24. Bg2 Bxg2 25. Kxg2 h5 26. Nf3 Qf6 27. Re2 e6
28. Rd1 exd5 29. cxd5 Qd6 30. Qc3+ Kg8 31. Ng5 Rc8 32. Qb2 Rc4 33. Ne4 Qxb4 34.
Nf6+ Kh8 35. Qe5 Qc3 36. Qxc3 Rxc3 37. d6 Rd8 38. d7 Kg7 39. Re8 Rxd7 40. Nxd7
1-0

[Event "16. Obert Internacional Sant Martí 2014"]
[Site "Barcelona ESP"]
[Date "2014.07.16"]
[Round "4.47"]
[White "Monedero Gonzalez, Josep"]
[Black "Santolaria Pena, M."]
[Result "1-0"]
[WhiteElo "2071"]
[BlackElo "1902"]
[PlyCount "87"]
[EventDate "2014.07.13"]
[EventType "swiss"]
[EventRounds "9"]
[EventCountry "ESP"]
[Source "lmi"]
[SourceDate "2014.07.13"]

1. d4 Nf6 2. Nf3 b6 3. e3 Bb7 4. Bd3 g6 5. b3 Bg7 6. Bb2 O-O 7. O-O d5 8. Qe2
Nbd7 9. c4 c6 10. Nc3 Re8 11. Rfd1 Rc8 12. Rac1 e6 13. Ne5 Nxe5 14. dxe5 Nd7
15. f4 f6 16. exf6 Qxf6 17. Rf1 Nc5 18. Na4 Qe7 19. Ba3 Bf8 20. e4 Qg7 21. Nxc5
Bxc5+ 22. Bxc5 bxc5 23. e5 Rc7 24. Rf3 Bc8 25. Qf2 Qe7 26. Qg3 Qg7 27. Qg4 Rf8
28. h4 Qh6 29. Kf2 Rcf7 30. g3 d4 31. Rh1 Rg7 32. Be4 Bd7 33. Bxc6 Bc8 34. Rd3
g5 35. hxg5 Qg6 36. Ke2 Rff7 37. Qf3 Rc7 38. Rh6 Qf7 39. Be4 Bb7 40. Bxb7 Rxb7
41. Qc6 Rg6 42. Rxg6+ hxg6 43. Qxc5 Qh7 44. Qc8+ 1-0

[Event "16. Obert Internacional Sant Martí 2014"]
[Site "Barcelona ESP"]
[Date "2014.07.16"]
[Round "4.48"]
[White "Castrillo Mansego, Pablo"]
[Black "Gisbert Mir, Alejandro"]
[Result "1-0"]
[WhiteElo "2013"]
[BlackElo "1804"]
[PlyCount "51"]
[EventDate "2014.07.13"]
[EventType "swiss"]
[EventRounds "9"]
[EventCountry "ESP"]
[Source "lmi"]
[SourceDate "2014.07.13"]

1. e4 e5 2. Nf3 Nc6 3. Nc3 Nf6 4. d4 exd4 5. Nxd4 Bb4 6. Nxc6 bxc6 7. Bd3 d5 8.
exd5 cxd5 9. O-O O-O 10. Bg5 c6 11. Qf3 Be7 12. h3 Rb8 13. b3 Re8 14. a3 Be6
15. Ne2 h6 16. Bf4 Bd6 17. Nd4 Bxf4 18. Qxf4 Qd7 19. Rad1 c5 20. Nf3 Rbd8 21.
a4 Qd6 22. Qh4 d4 23. Nd2 Bd5 24. Rfe1 Qc6 25. Rxe8+ Rxe8 26. Bb5 1-0

[Event "16. Obert Internacional Sant Martí 2014"]
[Site "Barcelona ESP"]
[Date "2014.07.16"]
[Round "4.49"]
[White "Masferrer Niubo, Enric"]
[Black "Beaskoa Estany, Gabriel"]
[Result "1/2-1/2"]
[WhiteElo "1996"]
[BlackElo "1893"]
[PlyCount "100"]
[EventDate "2014.07.13"]
[EventType "swiss"]
[EventRounds "9"]
[EventCountry "ESP"]
[Source "lmi"]
[SourceDate "2014.07.13"]

1. e4 c5 2. Nf3 d6 3. d4 cxd4 4. Nxd4 Nf6 5. Nc3 a6 6. Be2 e5 7. Nb3 Be7 8. O-O
O-O 9. Be3 Be6 10. Bf3 Nbd7 11. Re1 b5 12. a3 Qc7 13. Rc1 Rac8 14. Nd2 Nb6 15.
Bxb6 Qxb6 16. Nf1 Rfd8 17. Ne3 b4 18. axb4 Qxb4 19. Rb1 Rc5 20. Qd3 Qb7 21.
Red1 g6 22. b4 Rc7 23. Ncd5 Bxd5 24. exd5 e4 25. Bxe4 Nxe4 26. Qxe4 Rc3 27. Qd4
Rdc8 28. Rd3 Rxd3 29. Qxd3 a5 30. Qb3 axb4 31. Qxb4 Qc7 32. Qb7 Kg7 33. Qxc7
Rxc7 34. c4 Bf6 35. Rb6 Rd7 36. g3 Bd4 37. Rc6 Kf6 38. Kg2 h5 39. Kf3 Ke5 40.
Rc8 Re7 41. Nc2 Bc5 42. Ra8 Rb7 43. Re8+ Kf6 44. Ne3 Rb3 45. h4 Rc3 46. Re4 Bb6
47. Ke2 Ba5 48. Ng2 Rc2+ 49. Kf3 Bb6 50. Ne3 Rc3 1/2-1/2

[Event "16. Obert Internacional Sant Martí 2014"]
[Site "Barcelona ESP"]
[Date "2014.07.16"]
[Round "4.50"]
[White "Magallanes, Gustavo"]
[Black "Castillo Dalmau, Albert"]
[Result "1-0"]
[WhiteElo "1969"]
[BlackElo "1695"]
[PlyCount "85"]
[EventDate "2014.07.13"]
[EventType "swiss"]
[EventRounds "9"]
[EventCountry "ESP"]
[Source "lmi"]
[SourceDate "2014.07.13"]

1. e4 c5 2. c3 d5 3. exd5 Qxd5 4. d4 Nc6 5. Nf3 Bg4 6. Be2 cxd4 7. cxd4 e6 8.
Nc3 Bb4 9. O-O Qa5 10. Be3 Nf6 11. Qb3 Bxc3 12. bxc3 Qc7 13. Qa3 Qe7 14. Qxe7+
Kxe7 15. Rab1 b6 16. h3 Bf5 17. Rbc1 Rac8 18. Ba6 Rcd8 19. Rfd1 Nd5 20. Bb5
Nxe3 21. fxe3 Na5 22. Nd2 Nb7 23. e4 Bg6 24. Kf2 Nd6 25. Bd3 f6 26. Ke3 Rd7 27.
a4 Rhd8 28. Nb3 Rc7 29. c4 Rdc8 30. c5 Nb7 31. Ba6 Be8 32. Rc4 Rb8 33. Rdc1 Na5
34. Nxa5 bxa5 35. d5 Rb3+ 36. R1c3 Rxc3+ 37. Rxc3 exd5 38. exd5 Kd8 39. d6 Rc6
40. Bb7 Kd7 41. Kd4 h5 42. Re3 Kd8 43. Rxe8+ 1-0

[Event "16. Obert Internacional Sant Martí 2014"]
[Site "Barcelona ESP"]
[Date "2014.07.16"]
[Round "4.51"]
[White "Castillo Escario, Yolanda"]
[Black "Ruhlmann, Helene"]
[Result "1-0"]
[WhiteElo "2029"]
[BlackElo "1867"]
[PlyCount "85"]
[EventDate "2014.07.13"]
[EventType "swiss"]
[EventRounds "9"]
[EventCountry "ESP"]
[Source "lmi"]
[SourceDate "2014.07.13"]

1. d4 d5 2. Nf3 Nf6 3. e3 e6 4. Bd3 c5 5. b3 Nc6 6. Bb2 Bd6 7. Nbd2 Qe7 8. Ne5
cxd4 9. exd4 Ba3 10. Bxa3 Qxa3 11. c3 O-O 12. O-O Ne7 13. Qe2 Ng6 14. Nxg6 hxg6
15. Nf3 b6 16. Ne5 Bb7 17. Rfe1 Qd6 18. Qe3 Rfe8 19. Qh3 a5 20. Re3 Ba6 21. Qh4
Bxd3 22. Rxd3 Qe7 23. Nc6 Qd7 24. Rh3 Nh5 25. Ne5 Qe7 26. Qg4 Nf6 27. Qf4 Rac8
28. g4 Ne4 29. Nxf7 Qxf7 30. Rh8+ Kxh8 31. Qxf7 Rf8 32. Qxe6 Nxf2 33. Qxg6 Nh3+
34. Kh1 Rxc3 35. Qh5+ Kg8 36. Qxd5+ Kh8 37. Qh5+ Kg8 38. Qg6 Rf6 39. Qe8+ Rf8
40. Qe6+ Kh8 41. Re1 Rc2 42. Qe7 Rcf2 43. Qh4+ 1-0

[Event "16. Obert Internacional Sant Martí 2014"]
[Site "Barcelona ESP"]
[Date "2014.07.16"]
[Round "4.52"]
[White "Romero Gamez, Francisco Javier"]
[Black "Nadal Fajardo, Ricard"]
[Result "0-1"]
[WhiteElo "1795"]
[BlackElo "1999"]
[PlyCount "47"]
[EventDate "2014.07.13"]
[EventType "swiss"]
[EventRounds "9"]
[EventCountry "ESP"]
[Source "lmi"]
[SourceDate "2014.07.13"]

1. e4 d5 2. exd5 Qxd5 3. Nc3 Qd8 4. d4 Nf6 5. Nf3 g6 6. Bc4 Bg7 7. O-O O-O 8.
h3 c6 9. Be3 Nbd7 10. Qd2 b5 11. Bb3 Bb7 12. Rad1 a6 13. Bh6 c5 14. dxc5 Bxf3
15. gxf3 Nxc5 16. Qe3 Qc7 17. Nd5 Nxd5 18. Bxd5 Rad8 19. b4 Na4 20. Rd3 Rd6 21.
Rfd1 Rf6 22. Bb3 Nb2 23. Rd7 Nxd1 24. Qxe7 0-1

[Event "16. Obert Internacional Sant Martí 2014"]
[Site "Barcelona ESP"]
[Date "2014.07.16"]
[Round "4.53"]
[White "Krotiuk, Daria"]
[Black "Paragliola, Gennaro"]
[Result "1-0"]
[WhiteElo "1924"]
[BlackElo "1560"]
[PlyCount "61"]
[EventDate "2014.07.13"]
[EventType "swiss"]
[EventRounds "9"]
[EventCountry "ESP"]
[Source "lmi"]
[SourceDate "2014.07.13"]

1. e4 d6 2. d4 Nf6 3. Nc3 g6 4. f4 Bg7 5. Nf3 O-O 6. Be2 c5 7. h3 cxd4 8. Nxd4
Nbd7 9. Be3 Nc5 10. Bf3 Re8 11. Nb3 Nxb3 12. axb3 a6 13. O-O Qc7 14. Na4 Nd7
15. Bd4 e5 16. fxe5 dxe5 17. Be3 Rd8 18. Qe2 b5 19. Nc3 Bb7 20. Qf2 Nf6 21. Bb6
Qd7 22. Rad1 Qe7 23. Bxd8 Rxd8 24. Rxd8+ Qxd8 25. Rd1 Qc7 26. Nd5 Nxd5 27. exd5
Qd6 28. c4 Bf8 29. Kh1 Qb4 30. Qb6 Bc8 31. d6 1-0

[Event "16. Obert Internacional Sant Martí 2014"]
[Site "Barcelona ESP"]
[Date "2014.07.17"]
[Round "5.1"]
[White "Cori, Jorge"]
[Black "Gomez Garrido, Camilo Ernesto"]
[Result "1-0"]
[WhiteElo "2608"]
[BlackElo "2495"]
[PlyCount "85"]
[EventDate "2014.07.13"]
[EventType "swiss"]
[EventRounds "9"]
[EventCountry "ESP"]
[Source "lmi"]
[SourceDate "2014.07.13"]

1. d4 d5 2. c4 c6 3. Nf3 Nf6 4. e3 a6 5. Bd3 Bg4 6. Nbd2 e6 7. O-O Nbd7 8. Qc2
dxc4 9. Nxc4 Bxf3 10. gxf3 c5 11. dxc5 Nxc5 12. Be2 Rc8 13. Rd1 Qc7 14. Bd2 Be7
15. Rac1 O-O 16. Ba5 Qb8 17. Qb1 Ncd7 18. f4 b6 19. Bc3 Rfd8 20. Ne5 Nxe5 21.
Bxe5 Qa8 22. Rxc8 Rxc8 23. a4 a5 24. Qd3 Rd8 25. Qc4 Rxd1+ 26. Bxd1 Nd7 27. Bd4
Qd8 28. f5 e5 29. Bc3 Nc5 30. Bh5 g6 31. fxg6 hxg6 32. Bxg6 Qf8 33. Bxe5 Nd7
34. Bxf7+ Qxf7 35. Qg4+ Kf8 36. Qxd7 Qg6+ 37. Kf1 Qb1+ 38. Ke2 Qe4 39. Bc3 Kf7
40. h3 Qc4+ 41. Kf3 Qf1 42. Qf5+ Ke8 43. Qb5+ 1-0

[Event "16. Obert Internacional Sant Martí 2014"]
[Site "Barcelona ESP"]
[Date "2014.07.17"]
[Round "5.2"]
[White "Cuartas, Jaime Alexander"]
[Black "Grigoryan, Karen H"]
[Result "0-1"]
[WhiteElo "2483"]
[BlackElo "2592"]
[PlyCount "100"]
[EventDate "2014.07.13"]
[EventType "swiss"]
[EventRounds "9"]
[EventCountry "ESP"]
[Source "lmi"]
[SourceDate "2014.07.13"]

1. e4 c5 2. Nf3 Nc6 3. d4 cxd4 4. Nxd4 g6 5. Nc3 Bg7 6. Be3 Nf6 7. Bc4 O-O 8.
Bb3 d6 9. f3 Bd7 10. Qd2 Nxd4 11. Bxd4 b5 12. h4 a5 13. h5 a4 14. Bd5 b4 15.
hxg6 hxg6 16. Bxf6 exf6 17. Ne2 f5 18. exf5 Bxf5 19. Nd4 Qf6 20. Nxf5 Qxf5 21.
Bxa8 Rxa8 22. O-O Qc5+ 23. Kh1 Bxb2 24. Rad1 Kg7 25. g4 Rc8 26. Rf2 Bc3 27. Qe2
Re8 28. Qf1 Rh8+ 29. Kg2 Qe5 30. f4 Qe4+ 31. Kg3 g5 32. Qg2 gxf4+ 33. Rxf4 Qe6
34. Qd5 Be5 35. Qxe6 fxe6 36. Kf3 Bxf4 37. Kxf4 Rd8 38. Ke3 Rc8 39. Rxd6 Rxc2
40. Rd4 Rxa2 41. Rxb4 a3 42. Ra4 Ra1 43. Kd2 a2 44. Kc2 Rf1 45. Kb2 a1=Q+ 46.
Rxa1 Rxa1 47. Kxa1 Kf6 48. Kb2 Kg5 49. Kc3 Kxg4 50. Kd4 Kf4 0-1

[Event "16. Obert Internacional Sant Martí 2014"]
[Site "Barcelona ESP"]
[Date "2014.07.17"]
[Round "5.3"]
[White "Asis Gargatagli, Hipolito"]
[Black "Burmakin, Vladimir"]
[Result "0-1"]
[WhiteElo "2460"]
[BlackElo "2590"]
[PlyCount "112"]
[EventDate "2014.07.13"]
[EventType "swiss"]
[EventRounds "9"]
[EventCountry "ESP"]
[Source "lmi"]
[SourceDate "2014.07.13"]

1. e4 c6 2. d4 d5 3. f3 Qb6 4. Nc3 dxe4 5. Bc4 e3 6. Bb3 Nf6 7. Bxe3 e6 8. Nge2
Nd5 9. Bf2 Qa5 10. O-O Nxc3 11. Nxc3 Bb4 12. Ne4 O-O 13. f4 Be7 14. Qf3 Nd7 15.
Rfe1 Nf6 16. Bh4 Qd8 17. Rad1 Nd5 18. Bxe7 Nxe7 19. c3 h6 20. Nf2 Ng6 21. Nd3
Qf6 22. Rf1 Rd8 23. Ne5 Bd7 24. Qe4 Ne7 25. Bc2 g6 26. Ng4 Qg7 27. Qe1 h5 28.
Ne5 Be8 29. Rd3 Kf8 30. h3 Rac8 31. Qf2 b6 32. Re1 Nd5 33. Rg3 Qf6 34. Rf3 c5
35. f5 exf5 36. Bxf5 gxf5 37. Rxf5 Qg7 38. Rxh5 Nf6 39. Rf5 Ng8 40. Re4 Rd6 41.
Rg4 Qh7 42. Qf4 Rh6 43. Rfg5 Nf6 44. Ng6+ Rxg6 45. Rxg6 fxg6 46. Qxf6+ Qf7 47.
Qe5 Qg7 48. Qd6+ Qe7 49. Qf4+ Kg8 50. Qf3 Bf7 51. Re4 Qd6 52. Rf4 Qd5 53. Qg4
Re8 54. dxc5 Qxc5+ 55. Rd4 Re1+ 56. Kh2 Qe5+ 0-1

[Event "16. Obert Internacional Sant Martí 2014"]
[Site "Barcelona ESP"]
[Date "2014.07.17"]
[Round "5.4"]
[White "Lopez Martinez, Josep Manuel"]
[Black "Martinez Alcantara, Jose Eduardo"]
[Result "1/2-1/2"]
[WhiteElo "2548"]
[BlackElo "2295"]
[PlyCount "122"]
[EventDate "2014.07.13"]
[EventType "swiss"]
[EventRounds "9"]
[EventCountry "ESP"]
[Source "lmi"]
[SourceDate "2014.07.13"]

1. d4 f5 2. c4 Nf6 3. Nc3 d6 4. Bg5 Nbd7 5. Qc2 g6 6. e3 Bg7 7. Bd3 e5 8. f3 c6
9. Nge2 O-O 10. O-O-O Qe8 11. h3 Nb6 12. dxe5 dxe5 13. e4 Be6 14. exf5 gxf5 15.
Bxf5 Nxc4 16. Bxf6 Bxf5 17. Qxf5 Rxf6 18. Qd3 b5 19. Ne4 Rf8 20. Kb1 Rd8 21.
Qxd8 Qxd8 22. Rxd8 Rxd8 23. N2g3 Ne3 24. Nh5 Bh6 25. Rg1 Kf7 26. Nhf6 Nc4 27.
Re1 Bd2 28. Rd1 Ne3 29. Rg1 h6 30. Ng4 Nxg4 31. hxg4 Bg5 32. Kc2 c5 33. Re1 Be7
34. Rh1 Kg6 35. Re1 c4 36. Re2 a6 37. a4 Bb4 38. axb5 axb5 39. Ng3 Bc5 40. Rxe5
Bd6 41. Rd5 Bc7 42. Rxd8 Bxd8 43. Ne4 Bc7 44. Nc3 b4 45. Nd5 Ba5 46. b3 cxb3+
47. Kxb3 Kg5 48. Ka4 Bd8 49. Kxb4 Kh4 50. Kc4 Kg3 51. Kd3 Kxg2 52. Ke4 Kg3 53.
Nf4 Bg5 54. Nh5+ Kh4 55. Kf5 Bd2 56. Nf6 Be3 57. f4 Kg3 58. Nd5 Bd2 59. Nf6 Be3
60. Nd5 Bd2 61. g5 hxg5 1/2-1/2

[Event "16. Obert Internacional Sant Martí 2014"]
[Site "Barcelona ESP"]
[Date "2014.07.17"]
[Round "5.5"]
[White "Alarcon Casellas, Rolando"]
[Black "Movsziszian, Karen"]
[Result "1-0"]
[WhiteElo "2378"]
[BlackElo "2520"]
[PlyCount "67"]
[EventDate "2014.07.13"]
[EventType "swiss"]
[EventRounds "9"]
[EventCountry "ESP"]
[Source "lmi"]
[SourceDate "2014.07.13"]

1. e4 g6 2. d4 Bg7 3. Nc3 a6 4. a4 d6 5. Be3 b6 6. Nf3 Bb7 7. h3 Nd7 8. Bc4 e6
9. d5 e5 10. g4 Ne7 11. Rg1 Nf6 12. Qe2 O-O 13. Rd1 Kh8 14. h4 Bc8 15. Nh2 h5
16. f3 c6 17. dxc6 Nxc6 18. Bg5 Be6 19. gxh5 gxh5 20. Nd5 Bxd5 21. Bxd5 Rc8 22.
c3 Qe8 23. Bxf6 Bxf6 24. f4 Bxh4+ 25. Kd2 f5 26. Nf3 Bf6 27. Ng5 Rc7 28. Bf7
Qxf7 29. Nxf7+ Rcxf7 30. Kc1 Be7 31. Qxh5+ Rh7 32. Qg6 exf4 33. Rh1 Bh4 34.
Rdg1 1-0

[Event "16. Obert Internacional Sant Martí 2014"]
[Site "Barcelona ESP"]
[Date "2014.07.17"]
[Round "5.6"]
[White "Perez Mitjans, Orelvis"]
[Black "Vasquez Schroeder, Rodrigo"]
[Result "1-0"]
[WhiteElo "2414"]
[BlackElo "2551"]
[PlyCount "101"]
[EventDate "2014.07.13"]
[EventType "swiss"]
[EventRounds "9"]
[EventCountry "ESP"]
[Source "lmi"]
[SourceDate "2014.07.13"]

1. e4 c5 2. Nf3 e6 3. d4 cxd4 4. Nxd4 a6 5. Nc3 Qc7 6. g3 b5 7. Bg2 Bb7 8. O-O
Nf6 9. Re1 d6 10. Bg5 Nbd7 11. Nd5 exd5 12. exd5+ Kd8 13. Nc6+ Bxc6 14. dxc6
Nc5 15. a4 bxa4 16. Be3 Ne6 17. Rxa4 Be7 18. b4 Qb8 19. c4 Kc7 20. Qe2 Re8 21.
Rea1 Bd8 22. Qd1 Kc8 23. b5 a5 24. c7 Nxc7 25. b6 Rxe3 26. b7+ Kd7 27. bxa8=Q
Nxa8 28. fxe3 Ke7 29. Qf3 Nb6 30. Rxa5 Nbd7 31. Rb5 Bb6 32. Kh1 Qc7 33. Qc6
Qxc6 34. Bxc6 Bc5 35. Rb7 Ke6 36. Bd5+ Kf5 37. Rf1+ Kg6 38. Bxf7+ Kh6 39. Kg2
Ne5 40. Be6 Kg6 41. h4 Bxe3 42. Kh3 h5 43. Bf5+ Kh6 44. Rb8 g6 45. Be6 Nfg4 46.
Rff8 Kg7 47. Rg8+ Kf6 48. Bd5 Nd7 49. Rbe8 Nde5 50. Re6+ Kf5 51. Rf8+ 1-0

[Event "16. Obert Internacional Sant Martí 2014"]
[Site "Barcelona ESP"]
[Date "2014.07.17"]
[Round "5.7"]
[White "Hansen, Torbjorn Ringdal"]
[Black "Peralta, Fernando"]
[Result "1/2-1/2"]
[WhiteElo "2448"]
[BlackElo "2596"]
[PlyCount "62"]
[EventDate "2014.07.13"]
[EventType "swiss"]
[EventRounds "9"]
[EventCountry "ESP"]
[Source "lmi"]
[SourceDate "2014.07.13"]

1. e4 e6 2. d4 d5 3. Nd2 c5 4. exd5 Qxd5 5. Ngf3 cxd4 6. Bc4 Qd7 7. O-O Nc6 8.
Nb3 Nf6 9. Qe2 a6 10. Bg5 b5 11. Bd3 Bb7 12. Rfd1 Be7 13. a4 b4 14. Bc4 O-O 15.
Nbxd4 Nxd4 16. Nxd4 Qc7 17. Re1 Nd5 18. Bxe7 Qxe7 19. Qe5 Rfd8 20. Rad1 Rac8
21. Bb3 Qf6 22. Qxf6 Nxf6 23. Nxe6 fxe6 24. Bxe6+ Kf8 25. Bxc8 Rxc8 26. Rd6 a5
27. Rb6 Bc6 28. Ra6 Bxa4 29. c3 bxc3 30. bxc3 Rc5 31. Ra1 Rxc3 1/2-1/2

[Event "16. Obert Internacional Sant Martí 2014"]
[Site "Barcelona ESP"]
[Date "2014.07.17"]
[Round "5.8"]
[White "Rahman, Ziaur"]
[Black "Lorenzo De La Riva, Lazaro"]
[Result "0-1"]
[WhiteElo "2515"]
[BlackElo "2426"]
[PlyCount "124"]
[EventDate "2014.07.13"]
[EventType "swiss"]
[EventRounds "9"]
[EventCountry "ESP"]
[Source "lmi"]
[SourceDate "2014.07.13"]

1. d4 Nf6 2. Bg5 g6 3. Bxf6 exf6 4. e3 f5 5. c4 d6 6. Nc3 Nd7 7. g3 h5 8. h4
Nf6 9. Bg2 Bh6 10. Nge2 Ng4 11. Nf4 O-O 12. Qc2 Re8 13. O-O-O c6 14. Rde1 Bd7
15. Kb1 a6 16. Nd3 b5 17. c5 d5 18. Rc1 a5 19. Qd2 Ra7 20. Nd1 Qb8 21. Nf4 Bc8
22. f3 Nf6 23. Nf2 b4 24. N2d3 Rae7 25. Ne5 Rxe5 26. dxe5 Qxe5 27. Bf1 Bd7 28.
Bd3 Bg7 29. Rc2 Ra8 30. Qe1 a4 31. Nh3 a3 32. f4 Qb8 33. b3 Ne4 34. Bxe4 fxe4
35. Nf2 Bc8 36. Rd2 Ba6 37. Qd1 Qf8 38. g4 hxg4 39. Nxg4 Bd3+ 40. Rxd3 exd3 41.
h5 Bb2 42. hxg6 Qg7 43. gxf7+ Kf8 44. Ne5 Bxe5 45. Qd2 Bxf4 46. exf4 Ra7 47. f5
Re7 48. Qh2 Re2 49. Qd6+ Kxf7 50. Qg6+ Qxg6 51. fxg6+ Kxg6 52. Rd1 Re3 53. Kc1
Kf5 54. Rh1 Ke5 55. Rh4 Re4 56. Rh6 Kd4 57. Kd1 Kc3 58. Rh1 Re2 59. Kc1 Rxa2
60. Kb1 Re2 61. Rc1+ Kxb3 62. Ka1 d2 0-1

[Event "16. Obert Internacional Sant Martí 2014"]
[Site "Barcelona ESP"]
[Date "2014.07.17"]
[Round "5.9"]
[White "Sanchez Enriquez, Oscar Gerard"]
[Black "Matsenko, Sergei"]
[Result "0-1"]
[WhiteElo "2401"]
[BlackElo "2474"]
[PlyCount "66"]
[EventDate "2014.07.13"]
[EventType "swiss"]
[EventRounds "9"]
[EventCountry "ESP"]
[Source "lmi"]
[SourceDate "2014.07.13"]

1. d4 Nf6 2. Nf3 e6 3. e3 c5 4. c4 cxd4 5. exd4 d5 6. a3 Be7 7. Nc3 O-O 8. Bd3
dxc4 9. Bxc4 a6 10. O-O b5 11. Ba2 Bb7 12. Re1 Nbd7 13. d5 Nxd5 14. Nxd5 Bxd5
15. Bxd5 exd5 16. Qxd5 Nc5 17. Qf5 Rc8 18. Bg5 Bxg5 19. Nxg5 Qd3 20. Qf4 Qg6
21. Re7 Nd3 22. Qd2 Nxf2 23. Rf1 Rc2 24. Qd5 h6 25. Nxf7 Nh3+ 26. Kh1 Nf2+ 27.
Kg1 Nh3+ 28. Kh1 Nf4 29. Qf3 Rxf7 30. Rxf7 Qxf7 31. g3 Qd5 32. gxf4 Qxf3+ 33.
Rxf3 Rxb2 0-1

[Event "16. Obert Internacional Sant Martí 2014"]
[Site "Barcelona ESP"]
[Date "2014.07.17"]
[Round "5.10"]
[White "Huerga Leache, Mikel"]
[Black "Sardana, Rishi"]
[Result "1/2-1/2"]
[WhiteElo "2458"]
[BlackElo "2363"]
[PlyCount "61"]
[EventDate "2014.07.13"]
[EventType "swiss"]
[EventRounds "9"]
[EventCountry "ESP"]
[Source "lmi"]
[SourceDate "2014.07.13"]

1. d4 d5 2. c4 c6 3. Nf3 Nf6 4. e3 Bf5 5. cxd5 cxd5 6. Qb3 Qc7 7. Bd2 e6 8.
Bb5+ Nc6 9. O-O Bd6 10. Bb4 O-O 11. Bxc6 bxc6 12. Nbd2 Rab8 13. Bxd6 Qxd6 14.
Qc3 Rfc8 15. Rfc1 Nd7 16. Nb3 f6 17. Qa5 e5 18. Rc3 Rc7 19. Rac1 Bg4 20. Ne1
Be2 21. Nd3 Nb6 22. Nd2 exd4 23. exd4 Nc4 24. Nxc4 dxc4 25. Nc5 Re7 26. Re3
Rxe3 27. fxe3 Rxb2 28. Qa3 Rd2 29. Qa5 Rb2 30. Qa3 Rd2 31. Qa5 1/2-1/2

[Event "16. Obert Internacional Sant Martí 2014"]
[Site "Barcelona ESP"]
[Date "2014.07.17"]
[Round "5.11"]
[White "Amigo Vilalta, Jordi"]
[Black "Munoz Pantoja, Miguel"]
[Result "1/2-1/2"]
[WhiteElo "2231"]
[BlackElo "2457"]
[PlyCount "43"]
[EventDate "2014.07.13"]
[EventType "swiss"]
[EventRounds "9"]
[EventCountry "ESP"]
[Source "lmi"]
[SourceDate "2014.07.13"]

1. d4 Nf6 2. c4 g6 3. Nc3 Bg7 4. g3 c5 5. d5 O-O 6. Bg2 e6 7. Nf3 exd5 8. cxd5
d6 9. O-O a6 10. a4 Nbd7 11. Nd2 Qc7 12. Nc4 Nb6 13. Na3 Bd7 14. h3 Nxa4 15.
Nxa4 b5 16. Nxc5 Qxc5 17. Be3 Qb4 18. Nc2 Qxb2 19. Bd4 Qb3 20. Ra3 Qc4 21. Rc3
Qa4 22. Ra3 1/2-1/2

[Event "16. Obert Internacional Sant Martí 2014"]
[Site "Barcelona ESP"]
[Date "2014.07.17"]
[Round "5.12"]
[White "Saptarshi, Roy"]
[Black "Larsson, Anders"]
[Result "1-0"]
[WhiteElo "2449"]
[BlackElo "2270"]
[PlyCount "45"]
[EventDate "2014.07.13"]
[EventType "swiss"]
[EventRounds "9"]
[EventCountry "ESP"]
[Source "lmi"]
[SourceDate "2014.07.13"]

1. e4 e6 2. d4 d5 3. Nc3 Bb4 4. Nge2 dxe4 5. a3 Be7 6. Nxe4 Bd7 7. Qd3 Bc6 8.
Bf4 Nf6 9. Nxf6+ Bxf6 10. Qg3 Na6 11. O-O-O Qd7 12. Nc3 O-O-O 13. Bc4 Bd5 14.
Nxd5 exd5 15. Bxa6 bxa6 16. Rd3 Kb7 17. Bxc7 Rc8 18. Be5 Qf5 19. Bxf6 Qxf6 20.
Re1 Rc6 21. Rf3 Qxd4 22. Rxf7+ Ka8 23. Qxg7 1-0

[Event "16. Obert Internacional Sant Martí 2014"]
[Site "Barcelona ESP"]
[Date "2014.07.17"]
[Round "5.13"]
[White "Martinez Romero, Martin"]
[Black "Bachmann, Axel"]
[Result "1/2-1/2"]
[WhiteElo "2401"]
[BlackElo "2652"]
[PlyCount "102"]
[EventDate "2014.07.13"]
[EventType "swiss"]
[EventRounds "9"]
[EventCountry "ESP"]
[Source "lmi"]
[SourceDate "2014.07.13"]

1. e4 e5 2. Nf3 Nc6 3. Bb5 a6 4. Ba4 d6 5. O-O Bd7 6. c3 Nge7 7. d4 Ng6 8. c4
b5 9. cxb5 Nxd4 10. Nxd4 exd4 11. bxa6 c5 12. Bxd7+ Qxd7 13. a4 Rxa6 14. b4 Be7
15. b5 Ra8 16. Na3 O-O 17. Nc4 Rfb8 18. Ba3 Qe6 19. Qc2 Nf4 20. Bc1 d3 21. Qb3
Ne2+ 22. Kh1 Qxe4 23. Ne3 Bf6 24. Ra3 Be5 25. Qc4 Nd4 26. f3 Qh4 27. Ng4 Bg3
28. Qd5 Ne2 29. Qxd3 Nxc1 30. Rxc1 h5 31. Kg1 Bf4 32. Rc4 Qe1+ 33. Qf1 Qxf1+
34. Kxf1 Bg5 35. Ne3 Rxb5 36. axb5 Rxa3 37. Nd5 Rb3 38. b6 Bd8 39. Re4 Kh7 40.
Re8 Rb1+ 41. Re1 Rb5 42. Re8 Bxb6 43. Rb8 c4 44. Nxb6 c3 45. Ke2 Rb2+ 46. Kd3
Rxg2 47. Rc8 Rxh2 48. Rxc3 g5 49. Nd5 g4 50. fxg4 Rh3+ 51. Ke4 Rxc3 1/2-1/2

[Event "16. Obert Internacional Sant Martí 2014"]
[Site "Barcelona ESP"]
[Date "2014.07.17"]
[Round "5.14"]
[White "Ghosh, Diptayan"]
[Black "Cruz Lledo, Pablo"]
[Result "1-0"]
[WhiteElo "2468"]
[BlackElo "2373"]
[PlyCount "73"]
[EventDate "2014.07.13"]
[EventType "swiss"]
[EventRounds "9"]
[EventCountry "ESP"]
[Source "lmi"]
[SourceDate "2014.07.13"]

1. c4 c6 2. Nf3 d5 3. e3 Nf6 4. Nc3 g6 5. d4 Bg7 6. Be2 O-O 7. O-O Bg4 8. h3
Bxf3 9. Bxf3 e6 10. b3 Nbd7 11. Bb2 Re8 12. Qc2 Rc8 13. Rfd1 Qa5 14. a3 dxc4
15. bxc4 e5 16. Rab1 exd4 17. exd4 Rcd8 18. Bc1 Qc7 19. Qb3 Nb6 20. Be3 Rd7 21.
a4 Nc8 22. d5 cxd5 23. cxd5 b6 24. Nb5 Qd8 25. d6 a6 26. Nc7 Rf8 27. Bxb6 Rxd6
28. a5 Qe7 29. Qe3 Qd7 30. Rxd6 Nxd6 31. Rd1 Rc8 32. Qf4 Rxc7 33. Rxd6 Rc4 34.
Qxf6 Rc1+ 35. Kh2 Qe8 36. Qd8 Be5+ 37. g3 1-0